000 00623nam a2200229Ia 4500
005 20260429112253.0
008 260429s9999||||xx |||||||||||||| ||und||
020 _a9789819995332
041 _aEnglish
082 _a003.3
_bCHA
100 _aChan, Raymond H.
245 0 _aFinancial mathematics, derivatives and structured products /
_cRaymond H. Chan
250 _a2nd ed.
260 _aSingapore :
_bSpringer,
_c2024.
300 _axxvii, 480 p.; hb
650 _a Derivatives
650 _a Finance
650 _aMathematics
700 _a Guo, Yves ZY.' Lee, Spike T.
700 _a Li, Xun
942 _cTB
999 _c53228
_d53228